000
00299nam a22001337a 4500
008
170609b xxu||||| |||| 00| 0 eng d
020
_a
9780742535770
041
_a
eng
080
_a
327
100
_a
19
101
_a
SHP
245
_a
NEGOTIATING A COMPLEX WORLD
_c
STARKEY.B
942
_2
udc
_c
BK
999
_c
16732
_d
16732